Quản lý hoạt động tự học của sinh viên trường Đại học Ngoại ngữ - Đại học Đà Nẵng theo học chế tín chỉ
Đề tài tập trung nghiên cứu, khảo sát thực trạng các cấp quản lý, lãnh đạo trƣờng Đại học Ngoại ngữ - ĐHĐN quản lý HĐTH của SV năm thứ nhất và năm thứ hai hệ chính quy tại Trường hiện nay và nghiên cứu đề xuất các biện pháp quản lý hoạt động này trong điều kiện đào tạo theo học chế tín chỉ cho giai...
محفوظ في:
| المؤلف الرئيسي: | |
|---|---|
| مؤلفون آخرون: | |
| التنسيق: | كتاب |
| اللغة: | Vietnamese |
| منشور في: |
Đà Nẵng
Trường Đại học sư phạm Đà Nẵng
2017
|
| الموضوعات: | |
| الوسوم: |
إضافة وسم
لا توجد وسوم, كن أول من يضع وسما على هذه التسجيلة!
|
| Thư viện lưu trữ: | Mạng thư viện Đại học Đà Nẵng |
|---|
| LEADER | 02010nam a2200361 4500 | ||
|---|---|---|---|
| 001 | 000025010 | ||
| 003 | 21501 | ||
| 005 | 20170419150417.0 | ||
| 008 | 170414s2017 viesd | ||
| 041 | |a vie | ||
| 082 | 1 | 4 | |a 378.17943 |b TR-T |
| 100 | 1 | |a Trần Thị Thủy | |
| 245 | 1 | |a Quản lý hoạt động tự học của sinh viên trường Đại học Ngoại ngữ - Đại học Đà Nẵng theo học chế tín chỉ |c Trần Thị Thủy ; Lê Đình Sơn hướng dẫn. |k Luận văn Thạc sĩ | |
| 260 | |a Đà Nẵng |b Trường Đại học sư phạm Đà Nẵng |c 2017 | ||
| 300 | |a 89 tr., phụ lục 13 tr. |c 29 cm. |e Tóm tắt | ||
| 500 | |a Luận văn thạc sĩ Giáo dục học. Chuyên ngành: Quản lý giáo dục. Mã số: 60.14.01.14 | ||
| 520 | 3 | |a Đề tài tập trung nghiên cứu, khảo sát thực trạng các cấp quản lý, lãnh đạo trƣờng Đại học Ngoại ngữ - ĐHĐN quản lý HĐTH của SV năm thứ nhất và năm thứ hai hệ chính quy tại Trường hiện nay và nghiên cứu đề xuất các biện pháp quản lý hoạt động này trong điều kiện đào tạo theo học chế tín chỉ cho giai đoạn 2016 -2020.. | |
| 650 | 0 | 4 | |a Giáo dục đại học |v Luận văn tốt nghiệp |x Hoạt động tự học |z Đà Nẵng |
| 653 | |a Quản lý giáo dục | ||
| 653 | |a Hoạt động tự học | ||
| 653 | |a Giáo dục đại học | ||
| 653 | |a Quy chế tín chỉ | ||
| 700 | 1 | |a Lê Đình Sơn |c PGS.TS. |e Hướng dẫn | |
| OWN | |a LSP | ||
| AVA | |a UDN50 |b LSP |d 378.17943 TR-T |e available |t Error 5001 Not defined in file expand_doc_bib_avail. |f 1 |g 0 |h N |i 0 |k 1 | ||
| 999 | |a From the UDN01 | ||
| AVA | |a UDN50 |b LSP |d 378.17943 TR-T |e available |t Error 5001 Not defined in file expand_doc_bib_avail. |f 1 |g 0 |h N |i 0 |k 1 | ||
| TYP | |a Monograph | ||
| TYP | |a Printed language | ||
| 980 | |a Mạng thư viện Đại học Đà Nẵng | ||